000 00310nam a2200133 a 4500
001 4204
003 CDMR
005 20130116135253.0
008 130130s2004||||||||||||||||||||||||||||d
040 _aCDMR
_bcat
_cCPC GIRONA
245 0 _aCilma 2003-2004
_bMemòria d'activitats
260 _c2004
_bCilma
942 _cMON
999 _c4204
_d4204